000
00258 a2200109 4500
003
Nust
005
20170207154226.0
040
_c
Nust
082
_a
371.33
245
_a
Basics data comm. Part 1 & 2 (UMC-03)
440
_a
Basics data comm. Part 1 & 2 (UMC-03)
538
_a
Duration Mins 45
999
_c
195582
_d
195582